000 00482nam a2200181Ia 4500
008 240925s9999 xx 000 0 und d
020 _aNA
082 _a005.437 TOD
100 _aTodd, chad
245 0 _aHack Proofing Windows 2000 Server
250 _aNA
260 _aLondon:
_bContinuum
_c,2001.
300 _axxiii,855p.
_bNA
_fPhotocopy
500 _aIncludes Index
600 _aComputer Science
650 _aComputer science, information & general works
942 _cBK
999 _c8620
_d8620